| 000 | 01570cam a2200289 4500 | ||
|---|---|---|---|
| 001 | ABS63461 | ||
| 008 | 000000n2001 000 0 eng u | ||
| 035 | _a(Sirsi) u110416 | ||
| 100 | _aBaker, L. | ||
| 245 | _aPlanning system faces up to a human rights overhaul | ||
| 260 | _c2001 | ||
| 490 |
_aPlanning (for the Natural and Built Environment) _v(1400) 5 January 2001, 10-11(2) |
||
| 520 | _aExamines the legality of the planning process in the light of the High Court's verdict on four test cases brought under the Human Rights Act 1998. Discusses the judgment, where it was held that the SoS's role as both policy-maker and decision-taker meant that he was not objectively impartial, and considers the wider implications. These include question marks over the future of compulsory purchase orders and the SoS's power to call in applications, and may lead to the Highways Agency and Planning Inspectorate being established as bodies entirely separate of the government. | ||
| 590 | _aABS | ||
| 650 | _aHIGHWAYS AGENCY | ||
| 650 | _aHUMAN RIGHTS ACT 1998 | ||
| 650 | _aPLANNING INSPECTORATE | ||
| 650 | _aPLANNING SYSTEM | ||
| 650 | _aR V SOS ENVIRONMENT, TRANSPORT AND THE REGIONS EX P ALCONBURY DEVELOPMENTS | ||
| 650 | _aR V SOS ENVIRONMENT EX P HOLDING AND BARNES PLC | ||
| 650 | _aR V SOS ENVIRONMENT EX P LEGAL AND GENERAL ASSURANCE SOCIETY | ||
| 650 | _aR V SOS ENVIRONMENT EX P PREMIER LEISURE | ||
| 650 | _aSOS ENVIRONMENT | ||
| 690 | _aENVIRONMENTAL AND LAND CONSULTANCY-PLANNING AND DEVELOPMENT | ||
| 700 | _aGrant, M. | ||
| 942 | _n0 | ||
| 999 |
_c65828 _d65828 |
||